| 000 | 00895nam a2200253 4500 | ||
|---|---|---|---|
| 001 | 45635 | ||
| 010 | _a9789895763160 | ||
| 021 | _b553761/25 | ||
| 090 | _a45635 | ||
| 100 | _a20260119d2025 k y0pory50030103ba | ||
| 101 | 0 | _apor | |
| 102 | _aPT | ||
| 200 | 1 |
_aA grande transição da Economia portuguesa _fAntónio Manzoni, José Félix Ribeiro _gpref. Luís Valente de Oliveira _dTrês séculos de economia portuguesa. |
|
| 205 | _a1.ª ed. | ||
| 210 | 9 |
_aLisboa _cGuerra & Paz, _d2025 |
|
| 215 |
_a223 p. _cil. _d23 cm |
||
| 675 |
_a338.1/.2(469)"1974/2001" _vBN _zpor |
||
| 675 |
_a339.97(469)"1974/2001" _vBN _zpor |
||
| 700 | 1 |
_aManzoni, _bAntónio, _f1961- |
|
| 701 | 1 |
_aRibeiro, _bJosé Félix, _f1948- _4070 |
|
| 702 | 1 |
_aOliveira, _bValente de, _f1937- _4080 |
|
| 801 | 0 |
_aPT _bBN _gRPC |
|
| 856 | 4 | 1 | _uhttp://rnod.bnportugal.gov.pt/ImagesBN/winlibimg.aspx?skey=&doc=2250582&img=218665&save=true |
| 990 | _cLIVROS | ||